000 00598nam a2200205Ia 4500
005 20250923144925.0
008 008 250917s9999 xx 000 0 eng d
037 _aTextual
040 _aDSWL
_beng
_cDSWL
041 _aeng
_2eng
084 _aS!:7, N60;4
_qDSWL
100 _aStuart, H.C.
_9829870
245 4 _aThe Healthy child his physical and social development
_cby H.C. Stuart
260 _bHarvard University Press
365 _aINR
_b10
700 _aD.G. Prugh
_9829871
925 _g10
942 _cTEXL
_hS!:7, N60;4
999 _c1445025
_d1445025